| 000 | 00918nam2a22002411 4500 | ||
|---|---|---|---|
| 001 | v19\rc\1465312 | ||
| 005 | 20250618144805.0 | ||
| 035 | _a(NLR Aleph) 004602313 | ||
| 090 |
_a2802282 _c2802282 |
||
| 100 | _a20060620d1884 |||y0rusy50 ca | ||
| 101 | 0 | _arus | |
| 102 | _aRU | ||
| 105 | _ay z ||||| | ||
| 200 | 0 | _aна 1885 год | |
| 210 |
_dценз. 1884 _aБ. м. |
||
| 215 | _a[6], 151 с. | ||
| 461 | 0 |
_1001v19\rc\1465297 _12001#$aСмета доходов и расходов...$fО-во Привислянской ж. д.$vна 1885 год _92802094 _aПривислинские ж. д. _cСанкт-Петербург _dценз. 1875-1886 _fО-во Привислянской ж. д. _tСмета доходов и расходов... _vна 1885 год |
|
| 801 | 0 |
_aRU _bNLR _gpsbo |
|
| 801 | 0 |
_aRU _bRuMoRGB _2psbo |
|
| 801 | 1 |
_aRU _bProSoft-M _2rusmarc |
|
| 852 |
_aNLR _j18.206.7.23 |
||
| 942 | _cBOOK | ||
| 980 | _aNB | ||